Consultation-liaison psychiatry /

Bibliographic Details
Other Authors: Pasnau, Robert O.
Format: Book
Language:English
Published: New York : Grune & Stratton, [1975]
Series:Seminars in psychiatry (New York, N.Y. : 1975)
Subjects:

MARC

Tag First Indicator Second Indicator Subfields
LEADER 00000cam a2200000 i 4500
001 in00001376607
005 20160106094422.0
008 750905s1975 nyu b 001 0 eng
010 |a  75030562  
020 |a 0808909010 
035 |a (OCoLC)01971120 
035 |9 AHL0191AM 
040 |a DLC  |c DLC  |d TXA  |d UtOrBLW 
049 |a TXAM 
050 0 0 |a RC455.2.C65  |b C66 
060 0 |a WM90 C758 
082 0 0 |a 616.08 
090 |a RC455.2.C65  |b C66 1975 
245 0 0 |a Consultation-liaison psychiatry /  |c edited by Robert O. Pasnau. 
264 1 |a New York :  |b Grune & Stratton,  |c [1975] 
264 4 |c ©1975 
300 |a xv, 326 pages ;  |c 23 cm. 
336 |a text  |b txt  |2 rdacontent 
337 |a unmediated  |b n  |2 rdamedia 
338 |a volume  |b nc  |2 rdacarrier 
490 1 |a Seminars in psychiatry 
504 |a Includes bibliographical references and index. 
650 0 |a Consultation-liaison psychiatry. 
650 0 |a Psychiatry  |x Study and teaching. 
650 2 |a Psychiatry. 
650 2 |a Psychosomatic Medicine. 
650 2 |a Referral and Consultation. 
700 1 |a Pasnau, Robert O. 
830 0 |a Seminars in psychiatry (New York, N.Y. : 1975) 
999 |a MARS 
999 f f |s e8f3318a-4935-35a4-85d0-21051c2a8af4  |i 0d300feb-297c-3e88-a5e4-102d9e1c4daa  |t 0 
952 f f |p ric  |a Texas A&M University  |b Rellis Campus  |c Joint Library Facility  |d Remote Storage  |t 0  |e RC455.2.C65 C66 1975  |h Library of Congress classification  |i unmediated -- volume  |m A14821498639 
998 f f |a RC455.2.C65 C66 1975  |t 0  |l Remote Storage